000 00775nam a2200265 i 4500
001 C2-0102640
003 PPAK
005 20180727100256.0
008 970601s1994 my a|||| ||||| | may d
020 _a9836240071
040 _aPPAK
_beng
_cPPAK
_erda
082 0 4 _a621.395
_223
090 0 0 _a621.395
_bZAH
_dG
090 0 0 _a621.395
_bZAH
_dKSA
100 0 _aZahari Mohamed Darus,
_eauthor
245 1 0 _aReka bentuk VLSI untuk kebolehujian
264 1 _aKuala Lumpur :
_bDewan Bahasa dan Pustaka ,
_c1994
300 _axi, 96 pages :
_billustrations ;
_c22 cm
336 _2rdacontent
_atext
337 _2rdamedia
_aunmediated
338 _2rdacarrier
_avolume
650 1 0 _aIntegrated circuits - Very large scale integration
700 _eauthor
942 _ddc
_cB
999 _c23997
_d23997